00845cam a2200229 a 450000500170000000800390001702000150005604000500007104100080012110000240012924501330015326000370028630000420032349000320036565000360039765000340043365000390046770000180050670000330052470000320055776500260058920180312142017.0140508s2002 ck a gr 000 j spa a9580466297 aCO-BoUCMbspacJose A. GerenadJose A. Gerena1 aspa1 aBourgeois, Paulette10aFranklin visita al museocPaulette Bourgeois, Sharon Jennings ; ilustraciones de Brenda Clark ; traducción de Marcela Salazar  aBogotá (Colombia)bNormac2002 a[30] páginasbilustraciones a color1 aDías felices con Franklin 7aCuentos ilustrados para niños 7aLibros y lectura para niños 7aLiteratura infantil estadounidense1 aClark, Brenda1 aJennings, Sharoneilustrador1 aSalazar, Marcelaetraductor tFranklin's class trip